[Event "San Francisco TNM Fall op"]
[Site "San Francisco"]
[Date "2016.10.25"]
[Round "2"]
[White "Leou On, Tien"]
[Black "Sherwood, Peter"]
[Result "0-1"]
[WhiteElo "1331"]
[BlackElo "1688"]
[PlyCount "74"]
[EventDate "2016.10.18"]
[EventType "swiss"]
[EventRounds "9"]
[EventCountry "USA"]
[SourceTitle "EXT 2018"]
[Source "ChessBase"]
[SourceDate "2017.10.13"]
[SourceVersion "1"]
[SourceVersionDate "2017.10.13"]
[SourceQuality "1"]

1. e4 c5 2. c3 Nf6 3. d4 cxd4 4. e5 Nd5 5. Qxd4 e6 6. Nf3 Nc6 7. Qe4 Be7 8. Na3 Bxa3 9. bxa3 Nxc3 10. Qg4 Rg8 11. Bb2 Nd5 12. Bd3 Qa5+ 13. Kf1 g6 14. Re1 Nde7 15. Ng5 Rg7 16. h4 Qd2 17. Rh3 Qxb2 18. f4 h5 19. Qd1 Qd4 20. Rf3 b6 21. Ne4 Nf5 22. g3 Ke7 23. Qc2 Bb7 24. Rd1 Ne3+ 25. Ke2 Nxc2 26. Bxc2 Qb2 27. Kd2 Nd4 28. Rc3 Bxe4 29. Re3 Qxc2+ 30. Ke1 Nf3+ 31. Rxf3 Bxf3 32. Rd2 Qe4+ 33. Kf2 Rc8 34. g4 Bxg4 35. f5 Qf3+ 36. Ke1 Rc1+ 37. Rd1 Rxd1# 0-1

[Event "San Francisco TNM Fall op"]
[Site "San Francisco"]
[Date "2016.10.18"]
[Round "1"]
[White "Reichwein, Axel"]
[Black "Leou On, Tien"]
[Result "1-0"]
[WhiteElo "1937"]
[BlackElo "1331"]
[PlyCount "77"]
[EventDate "2016.10.18"]
[EventType "swiss"]
[EventRounds "9"]
[EventCountry "USA"]
[SourceTitle "EXT 2018"]
[Source "ChessBase"]
[SourceDate "2017.10.13"]
[SourceVersion "1"]
[SourceVersionDate "2017.10.13"]
[SourceQuality "1"]

1. e4 e6 2. d3 d5 3. Nd2 Nc6 4. Ngf3 Bd6 5. g3 Nf6 6. Bg2 0-0 7. 0-0 Re8 8. Re1 e5 9. h3 Bd7 10. Nf1 h6 11. g4 Ne7 12. Ng3 g5 13. Nf5 Nxf5 14. gxf5 c6 15. Nh2 Bc5 16. Ng4 Kh7 17. Nxf6+ Qxf6 18. Qh5 Rg8 19. Bf3 Rg7 20. Kg2 Rag8 21. Rh1 a6 22. Bg4 Be7 23. Be3 Be8 24. h4 gxh4 25. f3 Qd6 26. Rh3 Qf6 27. Rah1 Qd6 28. Kf1 Bg5 29. Bxg5 Rxg5 30. Qxh4 Kg7 31. Qxh6+ Qxh6 32. Rxh6 f6 33. Rh7+ Kf8 34. Rxb7 R5g7 35. Rb8 Ra7 36. Rh6 Kg7 37. Rh2 Kf8 38. Bh5 Re7 39. Bg6 1-0